000 00625cab a2200229 4500
001 WB3239-04
008 090401t1996 xxu||||| |||| 00| 0 eng d
035 _a(Sirsi) u27262
041 _aeng
245 _aBridging the Thames in style
260 _c1996
350 _a0
490 _aFinancial Times
_v16 October 1996, 11(2)
520 _aSix schemes have been shortlisted for the Thames footbridge millennium project.
650 _aBRIDGES
650 _aLONDON
650 _aMILLENNIUM PROJECTS
650 _aRIVER THAMES
690 _aBUILDING AND CONSTRUCTION-PROJECTS
942 _n0
948 _c04/03/1997
999 _c18349
_d18349